MARC

Tag First Indicator Second Indicator Subfields
LEADER 00000cam a2200000Ia 4500
001 in00002002160
005 20220105141732.0
006 m d
007 cr cnu---unuuu
008 040415s2004 nbu sb s001 0 eng d
020 |a 0803204108 (electronic bk.) 
035 |a (OCoLC)ocm54961705 
040 |a N$T  |c N$T  |d OCLCQ  |d UtOrBLW 
049 |a IKMN 
050 1 4 |a PN3383.C4  |b P35 2004eb 
082 0 4 |a 809.3/927  |2 22 
100 1 |a Palmer, Alan,  |d 1950-  |0 http://id.loc.gov/authorities/names/n2003040794 
245 1 0 |a Fictional minds /  |c Alan Palmer. 
264 1 |a Lincoln :  |b University of Nebraska Press,  |c [2004] 
264 4 |c ©2004 
300 |a vi, 275 pages ;  |c 24 cm. 
336 |a text  |b txt  |2 rdacontent 
337 |a computer  |b c  |2 rdamedia 
338 |a online resource  |b cr  |2 rdacarrier 
490 1 |a Frontiers of narrative 
504 |a Includes bibliographical references (pages [249]-261) and index. 
533 |a Electronic reproduction.  |b Boulder, Colo. :  |c NetLibrary,  |d 2004.  |n Available via World Wide Web.  |n Access may be limited to NetLibrary affiliated libraries. 
500 |a Electronic resource. 
650 0 |a Fiction  |x Technique.  |0 http://id.loc.gov/authorities/subjects/sh85048065 
650 0 |a Characters and characteristics in literature.  |0 http://id.loc.gov/authorities/subjects/sh85022624 
650 0 |a Intellect in literature.  |0 http://id.loc.gov/authorities/subjects/sh94005109 
655 7 |a Electronic books.  |2 local 
710 2 |a NetLibrary, Inc.  |0 http://id.loc.gov/authorities/names/no99080690 
776 1 |c Original  |z 080323743X  |w (DLC) 2003019700  |w (OCoLC)53020339 
830 0 |a Frontiers of narrative.  |0 http://id.loc.gov/authorities/names/n2001028904 
856 4 1 |u https://proxy.library.tamu.edu/login?url=http://www.netLibrary.com/urlapi.asp?action=summary&v=1&bookid=103473  |z Connect to the full text of this electronic book  |t 0 
994 |a 92  |b IKM 
999 |a MARS 
999 f f |s 6d9a6eae-4829-3d01-9756-34a2f3cbb13e  |i 1d1377d9-552a-38d7-a272-65a328563411  |t 0 
952 f f |a Texas A&M University  |b College Station  |c Electronic Resources  |d Available Online  |t 0  |e PN3383.C4 P35 2004eb  |h Library of Congress classification 
998 f f |a PN3383.C4 P35 2004eb  |t 0  |l Available Online